Estudiantes y gobierno universitario
Zapisane w:
| 1. autor: | |
|---|---|
| Format: | Książka |
| Język: | hiszpański |
| Wydane: |
Buenos Aires
El Ateneo
1955
|
| Wydanie: | 2a. ed |
| Seria: | Cultura Universal
|
| Hasła przedmiotowe: | |
| Etykiety: |
Dodaj etykietę
Nie ma etykietki, Dołącz pierwszą etykiete!
|
MARC
| LEADER | 00000nam a2200000 a 4500 | ||
|---|---|---|---|
| 001 | UCU0933 | ||
| 003 | CL-VaPUC | ||
| 008 | 960329e19550000AG |||||||||||||||||spa|d | ||
| 082 | 0 | 4 | |a 378.82 |b MAZ |2 21 |
| 100 | |a Mazo, Gabriel del |e autor |9 447062 | ||
| 245 | 1 | 0 | |a Estudiantes y gobierno universitario |
| 250 | |a 2a. ed | ||
| 300 | |a 226 p | ||
| 942 | |c BK | ||
| 945 | |d 19960329 00:00:00 |a cmena | ||
| 260 | |a Buenos Aires |b El Ateneo |c 1955 | ||
| 650 | 0 | |a Universidades |9 256317 | |
| 650 | 0 | |a Educación superior |9 223851 | |
| 650 | 0 | |a Historia de la educación |9 257642 | |
| 650 | 0 | |a Gestión educacional |9 261035 | |
| 651 | 0 | |a Argentina |9 254888 | |
| 651 | 0 | |a Córdoba |9 267665 | |
| 651 | 7 | |a BUENOS AIRES |2 CL-VaPUC |9 255286 | |
| 583 | |a last modification |c 19960329 00:00:00 |k Rodrigo Vera | ||
| 490 | 0 | |a Cultura Universal | |
| 999 | |c 245709 |d 245707 | ||
| 952 | |0 0 |1 0 |4 0 |6 378_820000000000000_MAZ_1955 |7 0 |8 P |9 260298 |a BIBEDU |b BIBEDU |c BIBEDU_PB |d 2019-11-19 |i 1635379 |o 378.82 MAZ 1955 |p 1635379 |r 2019-11-19 |w 2019-11-19 |y BK |k EDU | ||